La reina del sur /

Guardado en:
Autor Principal: Pérez Reverte, Arturo
Formato: Libro
Publicado: Buenos Aires : Alfaguara, 2002
Materias:
Etiquetas: Agregar Etiqueta
Sin Etiquetas, Sea el primero en etiquetar este registro!
LEADER 00586nam a22002055a 4500
001 CEM.cems011007
005 20090818075911.0
008 130507s2002##################000#0#####d
003 CEMS
020 |a 9505117884 
082 0 4 |a 863.4 
100 1 |a Pérez Reverte, Arturo 
245 1 0 |a La reina del sur /  |c Arturo Pérez-reverte 
260 |a Buenos Aires :  |b Alfaguara,  |c 2002 
300 |a 542 p. 
653 |a Literatura 
653 |a Literatura española-siglo 20 
653 |a Novelas 
653 |a Novela española-siglo 20 
859 |a CEMS  |b BIB. CEMS - 11 de abril  |h 863.4  |i P415-2  |p 21805.02  |t Ej.1